000
00317nam a22001337a 4500
008
260210b |||||||| |||| 00| 0 eng d
040
_a
04
100
_a
DR AVTAR SINGH
245
_a
BHARATIYA SAKSHYA ADHINIYAM 2023
260
_a
CLP
300
_a
656
650
_a
BHARATIYA SAKSHYA ADHINIYAM 2023
942
_c
02
999
_c
67008
_d
67008